000 00298nam a22001337a 4500
008 171227b xxu||||| |||| 00| 0 eng d
020 _a9780737300147
041 _aeng
080 _23RD
_a61
100 _a3
101 _aSHM
245 _aTHE THYROID SOURCEBOOK
_cROSENTHAL,M.S
942 _2udc
_cBK
999 _c39494
_d39494